guess the song - Statistiken

Allgemein
  • Dieses Quiz wurde 212 mal gespielt
  • Das Durchschnittsergebnis liegt bei 3 aus 10
Antwortstatistiken
Hint Antwort % Korrekt
Yeah, you can be the greatest, you can be the best You can be the King Kong bangin' on your chest You can beat the world, you can beat the war You can talk to God, go bangin' on his door Hall of Fame
77%
His palms are sweaty, knees weak, arms are heavy There's vomit on his sweater already, mom's spaghetti Lose Yourself
71%
Immer siehst du schwarz und bremst dich damit aus
Nichts ist gut genug, du haust dich selber raus
Wann hörst du damit auf?
Chöre
58%
How can we not talk about family when family's all that we got? Everything I went through, you were standin' there by my side And now you gon' be with me for the last ride See You Again
48%
Yeah, I, I know it's hard to remember
The people we used to be
It's even harder to picture
That you're not here next to me
You say it's too late to make it
But is it too late to try?
And in our time that you wasted
All of our bridges burned down
Payphone
41%
What if all the chips were down And you feel you hit the ground And the truth is to be found There's a place where we can go When the time has come we know It's engraved inside our soul Wild & Free
20%
Auf dem Highway durch die Nacht Mit POWER 106 im Radio weiter durch die Stadt Auf jedem Streifen nur freie Spur, Bruder, keiner gibt 'nen Fuck Keiner gibt 'nen Fuck - nein! 700 Main St
12%
I'm out of touch, I'm out of love
I'll pick you up when you're gettin' down
And out of all these things I've done
I think I love you better now
I'm out of sight, I'm out of mind
I'll do it all for you in time
And out of all these things I've done
I think I love you better now
Now
Lego House
10%
Teen-Queen, so wie Steffi Graf Way better, Trendsetter Deshalb kling'n die Bitches wie ich letztes Jahr Top-lit schon vor dem Record-Deal (Record) Top-drei von allen Rappern hier (Mhm) Top-zwei in Sachen Sexappeal Nach diesem Jahr bin ich die Beste hier (Ja) badmómz.
8%
Sag dein'n Broke Boys von Freunden ma' Ich kauf' ihre Fam, wenn ich will Guck, sie tut so und guckt so Als würd sie nicht wissen, wer ich bin Ich bin immer noch der Gleiche, nur reicher und so Doch chill' immer noch wie früher mit den gleichen von Bros Airbnb
4%
Keine übereinstimmenden Quizze gefunden
Verteilung der Resultate
Anzahl Personen mit jedem Resultat
Perzentil nach korrekt beantworteten Fragen
Ihre Resultats-Entwicklung
Sie haben dieses Quiz noch nicht gespielt